Libro rojo de los anfibios del Valle del Cauca (Registro nro. 19333)
[ vista simple ]
| 000 -CABECERA | |
|---|---|
| Campo de control | 00842nam a2200241 a 4500 |
| 005 - FECHA Y HORA DE LA ULTIMA TRANSACCION | |
| Campo de control | 20170216165315.0 |
| 008 - ELEMENTOS DE LONGITUD FIJA—INFORMACION GENERAL | |
| Campo de control | 160217b2010 ck o|||fr |||a00| 0 spa d |
| 020 ## - ISBN | |
| ISBN | 9789588332376 |
| 040 ## - FUENTE DE CATALOGACIÓN | |
| Agencia catalogadora original | CO-BoIAVH |
| Agencia transcriptora | CO-BoIAVH |
| 041 ## - IDIOMA | |
| Código de idioma para texto/pista de sonido o título separado | Español |
| 044 ## - PAÍS DE PUBLICACIÓN | |
| País de publicación | Colombia |
| 082 04 - NUMERO DE CLASIFICACION DECIMAL DEWEY | |
| Número de clasificación | 597.8 |
| Número del ítem | C27l |
| 100 1# - ASIENTO PRINCIPAL--NOMBRE PERSONAL | |
| Nombre personal | Castro Herrera, Fernando |
| Término relacionado | autor |
| 9 (RLIN) | 856 |
| 245 10 - MENCION DE TITULO | |
| Título | Libro rojo de los anfibios del Valle del Cauca |
| 260 ## - PUBLICACION, DISTRIBUCION, ETC. (PIE DE IMPRENTA) | |
| Lugar de publicación, distribución, etc. | Cali: |
| Nombre del editor, distribuidor, etc. | Corporación Autónoma Regional del Valle del Cauca, |
| Fecha de publicación, distribución, etc. | 2010 |
| 300 ## - DESCRIPCION FISICA | |
| Extensión | 200 p. |
| Otros detalles físicos | fotografías a color, tablas, mapas |
| 650 #6 - ASIENTO SECUNDARIO DE MATERIA - TERMINO TEMATICO | |
| Término temático o nombre geográfico como elemento de entrada | Anfibios |
| Subdivisión general | historia |
| Subdivisión geográfica | Colombia |
| 9 (RLIN) | 79748 |
| 650 #6 - ASIENTO SECUNDARIO DE MATERIA - TERMINO TEMATICO | |
| Término temático o nombre geográfico como elemento de entrada | Anfibios |
| Subdivisión general | Clasificación |
| Subdivisión geográfica | Colombia |
| 9 (RLIN) | 79749 |
| 650 #6 - ASIENTO SECUNDARIO DE MATERIA - TERMINO TEMATICO | |
| Término temático o nombre geográfico como elemento de entrada | Anfibios |
| Subdivisión general | Distribución geográfica |
| Subdivisión geográfica | Colombia |
| 9 (RLIN) | 79750 |
| 650 #6 - ASIENTO SECUNDARIO DE MATERIA - TERMINO TEMATICO | |
| Término temático o nombre geográfico como elemento de entrada | Anfibios |
| Subdivisión general | especies amenazadas |
| 9 (RLIN) | 79751 |
| 700 ## - ASIENTO SECUNDARIO - NOMBRE PERSONAL | |
| Nombre personal | Bolivar García, Wilmar |
| Término de relación | autor |
| 9 (RLIN) | 3450 |
| 942 ## - ELEMENTOS ADICIONALES (KOHA) | |
| Tipo de ítem | Libro |
| Sistema de clasificación | Dewey Decimal Classification |
| Withdrawn status | Lost status | Sistema de Clasificación | Damaged status | No para préstamo | Colección | Inventariado | Ubicación Permanente | Ubicación actual | Fecha de adquisición | Fuente de Valor | Valor | Total Checkouts | Número topográfico | Inventario / Código de Barras | Date last seen | Ejemplar | Price effective from | Forma de adquisición | Tipo de material |
|---|---|---|---|---|---|---|---|---|---|---|---|---|---|---|---|---|---|---|---|
| Dewey Decimal Classification | General | Inventariado 2017 | Bogotá | Bogotá | 16/02/2017 | Instituto | 39000.00 | LB-597.8 C27l | 042455 | 16/02/2017 | Ej. 1 | 16/02/2017 | Canje | Libro |